| 000 | 00920nam a2200325 a 4500 | ||
|---|---|---|---|
| 001 | vtls000068607 | ||
| 003 | NLI | ||
| 005 | 20210601192630.0 | ||
| 008 | 101125s1963 enk d 001 0 eng | ||
| 039 | 9 |
_y201011250708 _zVLOAD |
|
| 040 |
_aNLI _beng _cVTLS _eAACR2 |
||
| 041 | 0 | _aeng | |
| 044 | _aenk | ||
| 082 | 0 | 4 | _a423 |
| 100 | 1 | _aDay, Harvey | |
| 245 | 1 | 0 |
_aThirty days to a super-power vocabulary / _cby Harvey Day |
| 260 |
_aPreston : _bA. Thomas, _c1963 |
||
| 300 |
_a301 p. ; _c19 cm. |
||
| 500 | _aIncludes index | ||
| 504 | _aBibliography: p. 295-296 | ||
| 650 | 0 |
_aEnglish language _vGlossaires, vocabularies _9139452 |
|
| 650 | 0 |
_aEnglish language _vDictionaries _94016 |
|
| 650 | 0 |
_aEnglish etymology _9143203 |
|
| 887 | _a | ||
| 901 |
_a354829 _b29.07.1963 |
||
| 902 | _aE423 D331 | ||
| 906 | _a0000708 | ||
| 949 |
_AVIRTUAITEM _D10000 _X100 _6PUR000354829ENG |
||
| 942 |
_2ddc _cBKS |
||
| 999 |
_aVIRTUA00 _c72017 _d72017 |
||